[Event "Cambridge op 3rd"]
[Site "Cambridge"]
[Date "2025.05.31"]
[Round "9"]
[White "Siddhartha, Shankar Srivastava"]
[Black "McLean, Rory"]
[Result "0-1"]
[WhiteElo "1647"]
[BlackElo "1762"]
[PlyCount "68"]
[EventDate "2025.05.26"]
[EventType "tourn"]
[EventRounds "9"]
[EventCountry "ENG"]
[SourceTitle "CB23_2025"]
[SourceDate "2025.06.04"]
[SourceVersion "1"]
[SourceVersionDate "2025.06.04"]
[SourceQuality "1"]

1. e4 e6 2. d4 d5 3. e5 c5 4. c3 Nc6 5. Nf3 Nge7 6. Na3 cxd4 7. cxd4 Nf5 8. Nc2 Qb6 9. Be2 Bd7 10. g4 Nfe7 11. 0-0 h5 12. h3 f6 13. Bd3 hxg4 14. hxg4 0-0-0 15. b4 Kb8 16. b5 Na5 17. exf6 gxf6 18. Bf4+ Ka8 19. Ne3 Bh6 20. Ng2 Bxf4 21. Nxf4 Rdg8 22. Re1 Rxg4+ 23. Ng2 Rhg8 24. Bf1 Nf5 25. Rc1 Nc4 26. Rxc4 dxc4 27. d5 e5 28. a4 Ng3 29. Bxc4 Ne2+ 30. Qxe2 Rxg2+ 31. Kf1 Bh3 32. Qe3 Qxe3 33. Rxe3 R2g4+ 34. Ke2 Rxc4 0-1

[Event "Cambridge op 3rd"]
[Site "Cambridge"]
[Date "2025.05.28"]
[Round "5"]
[White "Siddhartha, Shankar Srivastava"]
[Black "Leigh, Dominic"]
[Result "1/2-1/2"]
[WhiteElo "1647"]
[BlackElo "1747"]
[PlyCount "47"]
[EventDate "2025.05.26"]
[EventType "tourn"]
[EventRounds "9"]
[EventCountry "ENG"]
[SourceTitle "CB23_2025"]
[SourceDate "2025.06.04"]
[SourceVersion "1"]
[SourceVersionDate "2025.06.04"]
[SourceQuality "1"]

1. e4 c6 2. d4 d5 3. e5 c5 4. dxc5 e6 5. a3 Nc6 6. Nf3 Bxc5 7. b4 Bb6 8. Bb2 Nge7 9. Bd3 Ng6 10. g3 a6 11. Nbd2 Bc7 12. Bxg6 hxg6 13. Nb3 b6 14. 0-0 Bb7 15. Nbd4 Qd7 16. Re1 0-0-0 17. b5 Nxd4 18. Bxd4 a5 19. Qd3 Kb8 20. Qe3 Ka7 21. Qc3 Kb8 22. Qe3 Ka7 23. Qc3 Kb8 24. Qe3 1/2-1/2

[Event "Cambridge op 3rd"]
[Site "Cambridge"]
[Date "2025.05.28"]
[Round "4"]
[White "Tso, Chi Wai"]
[Black "Siddhartha, Shankar Srivastava"]
[Result "1/2-1/2"]
[WhiteElo "1881"]
[BlackElo "1647"]
[PlyCount "50"]
[EventDate "2025.05.26"]
[EventType "tourn"]
[EventRounds "9"]
[EventCountry "ENG"]
[SourceTitle "CB23_2025"]
[SourceDate "2025.06.04"]
[SourceVersion "1"]
[SourceVersionDate "2025.06.04"]
[SourceQuality "1"]

1. Nf3 d5 2. d3 c5 3. g3 Nc6 4. Bg2 e5 5. Nbd2 Nf6 6. 0-0 Be7 7. b3 0-0 8. Bb2 Qc7 9. Qc1 Re8 10. e3 Be6 11. Ng5 Bf5 12. Ngf3 Rad8 13. Nh4 Be6 14. f4 exf4 15. exf4 d4 16. Bf3 Bd5 17. Ng2 Bxf3 18. Nxf3 Nd5 19. Qd2 Bf6 20. Rae1 Ne3 21. Nxe3 Rxe3 22. Bc1 Rde8 23. Qf2 R3e7 24. Rxe7 Rxe7 25. Re1 h6 1/2-1/2

[Event "BCF-ch AM op"]
[Site "Hull"]
[Date "2024.08.03"]
[Round "6"]
[White "Siddhartha, Shankar Srivastava"]
[Black "Skielnik, Joseph J"]
[Result "0-1"]
[WhiteElo "1595"]
[BlackElo "1833"]
[PlyCount "66"]
[EventDate "2024.07.29"]
[EventType "swiss"]
[EventRounds "6"]
[EventCountry "ENG"]
[SourceTitle "CBM 221 Extra"]
[Source "ChessBase"]
[SourceDate "2024.09.30"]
[SourceVersion "1"]
[SourceVersionDate "2024.09.30"]
[SourceQuality "1"]

1. e4 c6 2. d4 d5 3. e5 c5 4. dxc5 e6 5. a3 Bxc5 6. b4 Be7 7. Bb2 Nd7 8. Nf3 a5 9. Bd3 axb4 10. 0-0 bxa3 11. Nxa3 Nc5 12. Bb5+ Bd7 13. Nd4 Nh6 14. Bxd7+ Qxd7 15. c4 0-0 16. Qh5 Nd3 17. Qe2 Nxb2 18. Qxb2 Bxa3 19. Rxa3 Rxa3 20. Qxa3 dxc4 21. Qc3 Rd8 22. Nf3 b5 23. h3 Nf5 24. Rb1 h6 25. g4 Ne7 26. Kg2 Nd5 27. Qa5 b4 28. Rxb4 Nxb4 29. Qxb4 Qd3 30. Qc5 c3 31. Ne1 Qe4+ 32. Nf3 c2 33. Qc7 Rd1 0-1